Quizzes
Events
Quiz Creation
Community
Videos
Private Events
Remove Ads
Sign In
Join for FREE
Feedback
Dark Mode
Quiz Categories
Sports
Geography
Music
Movies
Television
Just For Fun
Miscellaneous
History
Literature
Language
Science
Gaming
Entertainment
Religion
Holiday
For Kids
Quiz Lab
Recent
Popular Today
Quiz Kudos Today
Editor Picks
Curator Picks
Quizzes by...
Day
Popularity
Type
Ratings
Length
Year
Community
Subscriptions
Recent Discussions
Orange Saloon
Badges
Playlists
Quests
Create
Leaderboards
Showdown
Live 5
Trivia Bingo
Activity
Puzzle Library
Sporcle Events
Private Events
Virtual Trivia
Globe League
Become a Host
Pub Owners
SporcleCon
Opinionation
Our Games
Videos
Blog
Mobile Apps
Partnerships
Remove Ads and Go Orange
Feedback
Religion
Mythology
Religious Music
World Religions
Bible
Christianity
Catholicism
Judaism
Church
Scripture
Islam
Verse
Religion
Mythology
Religious Music
World Religions
Bible
Christianity
Catholicism
Judaism
Church
Scripture
Islam
Verse
Random Quiz
Search Sporcle
×
Quiz Lab
Quiz Lab
Religion
Italian
Type in answers that appear in a list
Type in answers that appear in a list
Classic
Best Score? Go Orange.
Saint patrons of Italy Stats
Can you name the saint patrons of the following italian cities?
By
Lauraleye
10m
26 Questions
89 Plays
89 Plays
89 Plays
Comments
Comments
Give Quiz Kudos
Give Quiz Kudos
-
- Ratings
hide this ad
Forced Order
Answers have to be entered in order
Answers have to be entered in order
Random Order
Randomize order of answers
Randomize order of answers
Replay
Link that replays current quiz
Next Quiz
Link to next quiz in quiz playlist
You Got
0%
They Got
Avg Score
18%
Avg Friend Score
Upgrade to see
Score Distribution
Jump to the score distribution portion of the page
Score
0/26
Timer
10:00
0
Plays Today
City
Saint Patron
% Correct
Napoli
San Gennaro
60.7%
Milano
Sant'Ambrogio
58.4%
Roma
Santi Pietro e Paolo
57.3%
Bari
San Nicola
55.1%
Venezia
San Marco Evangelista
53.9%
Palermo
Santa Rosalia
39.3%
Catania
Sant'Agata
23.6%
Siracusa
Santa Lucia
20.2%
Bologna
San Petronio
18%
Firenze
San Giovanni Battista
13.5%
Torino
San Giovanni Battista
10.1%
Trieste
San Giusto
9%
Genova
San Giovanni Battista
7.9%
City
Saint Patron
% Correct
Novara
San Gaudenzio
6.7%
La Spezia
San Giuseppe
5.6%
Bergamo
Sant'Alessandro
4.5%
Pescara
San Cetteo
4.5%
Taranto
San Cataldo
3.4%
Vercelli
Sant'Eusebio
3.4%
Trento
San Vigilio
3.4%
Mantova
Sant'Anselmo
2.2%
Paternò
Santa Barbara
2.2%
Parma
Sant'Ilario
2.2%
Enna
Sant'Elia da Enna
1.1%
Pistoia
San Giacomo Maggiore
1.1%
Livorno
Santa Giulia
1.1%
Quiz Playlist
Details
Report
Send in Message
Add To Playlist
Classic:
Type in answers that appear in a list
Forced Order:
Answers have to be entered in order
Random Order:
Randomize order of answers
Quiz Source
Last Updated: Feb 16, 2017
Quiz Scoreboard
CHALLENGE
Sign Up to Join the Scoreboard
Show All
Scores
Hide
Comments
May contain spoilers
Recently Published
College Basketball Coaching Resumes
by pancakes188
Sports
9m
Billboard Blitz: Fleetwood Mac
by CooCooCachoo
Music
15s
Presidents Visiting Landmarks
by Hejman
History
7m
More to Explore
Quiz From the Vault
Featured Blog Post
Where Did the Easter Bunny Come From?
hide this ad
You Might Also Like...
Tags
City Quiz
Italian Quiz
Italy
patron
saint
Today's Top Quizzes in Religion
Browse Religion
hide this ad
Today's Top Quizzes in Italian
Browse Italian
Top Contributed Quizzes in Religion
1
5-to-1: Children of Gods
2
5-to-1: European Churches
3
One Thing in Common: Mythology
4
10 to 1: Islam
5
One Thing in Common: Mythology II
6
Prime Time: Religion
7
Order Up: Seven Last Words of Christ
8
One Thing in Common: Religion
9
One Thing in Common: Religion and Mythology
10
Mythological Creature Bunker
Explore More
Trending Topics
Harry Potter
Marvel
Anime
Crossword
NBA
Kpop
Disney
Pokémon
WWE
NFL
Country
Puzzle
Soccer
Song
The Office
hide this ad
More By:
Lauraleye
Quiz
Plays
Rating
Category
Featured
Created
Presidents of the Italian Republic
661
4.50
History
Jun 17, 2010
Saint patrons of Italy
89
4.00
Religion
Jun 17, 2010
Go to Creator's Profile
Score Distribution
Quiz Creator Spotlight
Lauraleye
Follow
Send a Message
Quizzes Created
-
Created Quiz Play Count
-
More By This Creator
Popular Quizzes Today
1
Find the US States - No Outlines Minefield
2
Find the Countries of Europe - No Outlines Minefield
3
The Countries of the World
4
Find the US States
5
Risky Map Clicking: Biggest States A-Z
6
US States
7
Popular People in 1961
8
Movies - When Are They Set?
More Religion Quizzes
Eid Mubarak!
Published
Trending Quizzes
Risky Map Clicking: Least Populous States A-Z
1-10 Letter G Words
1-10 Letter F Words
Risky Map Clicking: Next State Alphabetically
Risky Map Clicking: Biggest States A-Z
Recently Updated
Leaping Animals
pecheneg
Reality TV Shows (A-Z)
bhenderson79
Rickey Henderson's Hall of Fame Teammates
pecheneg
Champions League XIs: Arsenal
pecheneg
Quick Pick: Celebrities in WWE's Hall of Fame
aduchscher
A-Z Keypad Blitz II
pecheneg
Multiple Oscar Actors
pecheneg
Mystery Phrase Blitz: Oscar 'Best Actors'
pecheneg
F. Scott Fitzgerald Novels
LTH
Pick 3 Villains
ddd62291
Trending Topics
Kpop
Crossword
NBA
Harry Potter
Disney
Anime
Marvel
Song
Puzzle
NFL
The Office
WWE
Soccer
Pokémon
Country
Your Account Isn't Verified!
In order to create a playlist on Sporcle, you need to verify the email address you used during registration. Go to your
Sporcle Settings
to finish the process.
Report this User
Report this user for behavior that violates our
Community Guidelines
.
Details:
Send Report
Go to the Sporcle.com Mobile Site →
Comments